| 000 | 00591nam a2200205 a 4500 | ||
|---|---|---|---|
| 001 | 41373 | ||
| 003 | BD-RjUL | ||
| 005 | 20211209053356.0 | ||
| 008 | 160529s1960 en ||||| |||| 00| 0 eng d | ||
| 035 | _a(BD-RjUL) | ||
| 040 |
_aBD-RjUL _beng _cBD-RjUL |
||
| 041 | _aeng | ||
| 082 |
_223 _a010 _bPOB 1960 |
||
| 100 | 1 |
_aPowell, Lawrence Clark _9127216 |
|
| 245 | 1 | 0 |
_aBooks in my baggage : _badventures in reading and collecting / _cLawrence Clark Powell |
| 260 |
_aLondon : _bBilling and Sons Ltd., _c1960 |
||
| 300 |
_a136 p. ; _c21 cm. |
||
| 650 |
_aBibliomania _9127217 |
||
| 942 |
_2ddc _cBK |
||
| 999 |
_c41373 _d41373 |
||